| 000 | 01925nam a2200253 a 4500 | ||
|---|---|---|---|
| 001 | 22575 | ||
| 003 | CO-ViMGA | ||
| 008 | 141112s2004 ck r 000 u spa d | ||
| 040 |
_aCO-ViMGA _bspa _cCO-ViMGA |
||
| 082 | 0 | 4 | _a371.3 C656 |
| 100 | 1 |
_aHernández, Mariela _932101 |
|
| 245 | 1 | 0 | _aCómo enseñar con las nuevas tecnologias en la escuela de hoy |
| 260 |
_aBuenos Aires : _bCultura Internacional, _c2004 |
||
| 300 | _a3 V + 1 CD - ROM | ||
| 500 | _aVol. y núm. : 3 +CD - ROM | ||
| 505 | _aVolumen 1 : El cótel tecnológico : Que es la tecnologia, Ciencia, tecnica, tecnología, educación y sociedad, diferencias entre ciencia y tecnologia, tecnologia y cultura, como aprovechar los beneficios tecnólogicos, La tecnologia y la sociedad, la tecnologia y sus olas, la educación tecnologica en la escuela, el campo de la tecnologia educativa, materiales y recursos didacticos 1 - 130 - - VOLUMEN 2 : Educación y medios de comunicación, la escuela a la defensiva, necesidad de una educación en medios, la alfabetizacion en medios, imagenes de radio, caracteristicas de la comunicacion radial, la radio como instrumento educativo, el formato radiofonico, actividades segun las tareas rradiofonicas, radioteatro 130 - 214 - - VOLUMEN 3 : La sociedad de la informacion, la globalizacion, que se entiende por nuevas tecnologias, nuevas tecnologias y la cultura y la educación , modas tecnologicas y educación, nuevas tecnologia y gestion del conocimiento, que es la web?, que es el internet?, que es el web - mail?, el chat? 258 - 336 | ||
| 590 | _aForma de adquisición : Compra - - Precio : 199.000 - - Proveedor : Dismet - - Fecha de adquisición : 2008 | ||
| 650 | 1 | 4 |
_aBIOGRAFIAS DE PEDAGOGOS _932102 |
| 650 | 1 | 4 |
_aeducación POR INTERNET _932103 |
| 650 | 1 | 4 |
_aENSEÑANZA CON AYUDA DE COMPUTADORES _917421 |
| 650 | 1 | 4 |
_aINNOVACIONES EDUCATIVAS _955642 |
| 650 | 1 | 4 | _aTECNOLOGIA EDUCATIVA |
| 942 |
_2ddc _cBK |
||
| 999 |
_c30876 _d30876 |
||